| 000 | 00700nam a2200217 a 4500 | ||
|---|---|---|---|
| 005 | 20210223124107.0 | ||
| 008 | 010518s1991 es r 000 0 spa d | ||
| 020 | _a843092020X | ||
| 035 | _aUPN01000106453 | ||
| 049 | _aCG | ||
| 050 | 4 |
_aQC123 _bL4.38 |
|
| 100 | 1 |
_aLeibniz, Gottfried Wilhelm, _d1646-1716 _928979 |
|
| 245 | 1 | 0 |
_aEscritos de dinámica / _cGottfried Wilhelm Leibniz ; tr., estudio prel. y notas de Juan Arana Cañedo-Argüelles. |
| 260 |
_aMadrid : _bTecnos, _c1991. |
||
| 300 | _alvii, 130 p. | ||
| 440 | 0 |
_aClásicos del pensamiento ; _v85 |
|
| 650 | 4 |
_aMECANICA - _yTRABAJOS ANTERIORES A 1800 |
|
| 650 | 4 |
_aDINAMICA _916466 |
|
| 650 | 4 |
_aMOVIMIENTO - _xESTUDIO |
|
| 905 | _aLibro | ||
| 999 |
_c80365 _d80365 |
||